Normal view
MARC view
- Mohammad Hassan Uz Zaman
Entry Personal Name
001 - CONTROL NUMBER
- control field: 5605
003 - CONTROL NUMBER IDENTIFIER
- control field: NUST
005 - DATE AND TIME OF LATEST TRANSACTION
- control field: 20171024160357.0
008 - FIXED-LENGTH DATA ELEMENTS
- fixed length control field: 171024|| aca||aabn | a|a d
040 ## - CATALOGING SOURCE
- Original cataloging agency: NUST
- Transcribing agency: NUST
100 ## - HEADING--PERSONAL NAME
- Personal name: Mohammad Hassan Uz Zaman
670 ## - SOURCE DATA FOUND
- Source citation: Work cat.: (NUST): Mohammad Hassan Uz Zaman, Hyper-spectral image segmentation and signature verification, 2017
